[Event "EU-ch 14th"]
[Site "Legnica"]
[Date "2013.05.11"]
[Round "7"]
[White "Wojtaszek, Radoslaw"]
[Black "Salgado Lopez, Ivan"]
[Result "1-0"]
[WhiteElo "2701"]
[BlackElo "2598"]
[Annotator "Krasenkow,M"]
[PlyCount "89"]
[EventDate "2013.05.05"]
[EventType "swiss"]
[EventRounds "11"]
[EventCountry "POL"]
[SourceTitle "CBM 155"]
[Source "ChessBase"]
[SourceDate "2013.07.16"]
[SourceVersion "1"]
[SourceVersionDate "2013.07.16"]
[SourceQuality "1"]

1. d4 d5 2. c4 e6 3. Nc3 Be7 4. cxd5 exd5 5. Bf4 c6 6. Qc2 Bd6 7. Bxd6 Qxd6 8.
e3 Qg6 {Of course, White will hardly agree to trade the queens, and Black's
queen will be pushed away from this square but all that will take time and
attract White's pieces to inferior squares.} (8... Ne7 {is another option
examined in several CBM issues.}) 9. Qd2 (9. Qxg6 hxg6 10. b4 a6 (10... Nf6 11.
f3 Be6 12. Bd3 Nbd7 13. Nge2 g5 14. g4 Ke7 15. Kd2 Rh3 16. Ng1 Rh4 17. a4 {
1/2 (17) Shankland,S (2580)-Akobian,V (2621) Philadelphia 2012}) 11. f3 Nd7 (
11... Ne7 12. Bd3 Bf5 13. e4 dxe4 14. fxe4 Bg4 15. Kf2 Nd7 16. Kg3 Be6 17. Nf3
O-O-O 18. h3 f6 19. a4 Ne5 20. dxe5 Rxd3 21. Rac1 {1/2 (21) Sturua,Z (2509)
-Nezad,H (2320) Abu Dhabi 2006}) 12. Bd3 Ne7 13. Nge2 g5 14. Kf2 Nf6 15. g4 Kd8
16. Kg3 Bd7 17. a4 Nc8 18. h3 Re8 19. Kf2 Nd6 $11 {1-0 (44) Nakamura,H (2774)
-Ponomariov,R (2754) Saint Louis 2011}) (9. Qb3 Nd7 (9... Ne7 10. Nge2 Nd7 11.
Nf4 Qd6 12. Bd3 Nb6 (12... Nf6 $142) 13. a4 Bf5 14. a5 Bxd3 15. Nxd3 Nc4 16.
Qxb7 O-O 17. O-O a6 18. Qb4 $14 {1/2 (38) Kuljasevic,D (2555)-Kovacevic,B 
(2459) Sibenik 2010}) 10. Nf3 Ne7 11. h4 (11. O-O-O Nb6 12. h3 Qf6 13. Be2 Be6
14. Rhf1 Ng6 15. Ne1 Qe7 16. Nd3 O-O 17. Nc5 Rfe8 18. Bd3 Nf8 19. Qc2 Rab8 20.
Kb1 Nbd7 $11 {1/2 (40) Knaak,R (2540)-Hort,V (2565) Germany 1995}) (11. Qa3 Nb6
12. b3 Qf6 13. e4 Bg4 14. Ne5 Bh5 15. Bd3 Nd7 16. Nxd7 Qxd4 17. Qc5 Qxd3 18.
Ne5 Qa6 $13 {1-0 (48) Dreev,A (2677)-Rudolf,A (2325) Helsingor 2012}) 11... Nf5
12. h5 Qf6 13. Bd3 Nd6 14. Qc2 Nb6 15. Ne5 Bf5 16. Bxf5 Qxf5 17. Qxf5 Nxf5 18.
g4 Nd6 19. b3 h6 20. f3 O-O-O 21. Kd2 Nd7 22. Ne2 Rhe8 23. Nd3 f5 24. Rag1 Re7
{1/2 (24) Khismatullin,D (2667)-Melia,S (2442) Chalkis 2010}) 9... Ne7 (9...
Nd7 10. Nge2 (10. f3 Nb6 11. Bd3 Qh6 12. Qf2 Ne7 13. Nge2 Nf5 14. Nd1 O-O 15.
O-O Be6 16. e4 Ne7 17. Ng3 f5 $11 {1/2 (26) Kramnik,V (2450)-Belikov,V (2375)
Kuibyshev 1990}) 10... Nb6 11. Nf4 (11. Ng3 $5) 11... Qd6 12. O-O-O Ne7 13. f3
Ng6 14. Nxg6 hxg6 15. e4 Be6 16. e5 Qe7 17. f4 O-O-O 18. b3 Kb8 19. Kb2 Bf5
$132 {0-1 (40) Rustemov,A (2552)-Vaganian,R (2587) Germany 2007}) 10. Nge2 (10.
f3 Qh6 11. Bd3 Bf5 12. e4 Qxd2+ 13. Kxd2 Be6 14. Nge2 Nd7 15. e5 h5 16. Rac1
Nb6 17. b3 Kd7 18. Nd1 Bf5 $11 {1/2 (52) Agdestein,S (2560)-Stubberud,O (2299)
Riga 2012}) 10... O-O (10... Qd6 11. Ng3 Bf5 12. Nxf5 Nxf5 13. Bd3 Ne7 14. b4
a6 15. Na4 O-O 16. O-O f5 17. Qc3 Nd7 18. Nc5 $14 {1/2 (58) Dreev,A (2677)
-Vaganian,R (2664) Poikovsky 2002 CBM 089 [Dautov]}) (10... Qf6 $5 {R.Dautov}
11. Ng3 h5 $5) 11. Nf4 (11. Ng3 $5 {, controlling the f5-square, is another
possible setup:} Qd6 (11... Nd7 12. Bd3 Qh6 13. O-O Nf6 14. b4 Bd7 15. a4 Rad8
16. b5 $14 {1-0 (55) Azmaiparashvili,Z (2585)-Gomez Esteban,J (2400) Toledo
1991}) (11... Bf5 $5 12. Nxf5 Nxf5 {[%cal Yf5d6] is probably the most
appropriate plan for Black}) 12. Bd3 Be6 13. O-O Nd7 14. Rad1 f5 15. Nh5 Bf7
16. Nf4 Nf6 17. f3 g5 18. Nh3 h6 19. Bb1 Rae8 20. Nf2 Be6 21. e4 $14 {1-0 (51)
Azmaiparashvili,Z (2560)-Petrosian,A (2475) Yerevan 1989}) 11... Qd6 12. Be2 (
12. Bd3 {is now senseless due to} Bf5 $1 13. O-O Nd7 14. Rfc1 a5 15. Na4 Bxd3
16. Nxd3 Nf5 17. Nac5 Ra7 18. Nxd7 Qxd7 19. b3 Re8 $11 {1/2 (30) Krush,I (2473)
-Melia,S (2362) Moscow 2008}) 12... Nd7 (12... Ng6 $5 13. Nd3 Bf5) 13. O-O Ng6
14. Nd3 Nf6 15. f3 b6 (15... Bf5 16. Nf2 Rfe8 {was quite possible, too. Black
can successfully prevent e3-e4.}) 16. Nf2 Bb7 17. Rad1 Rad8 18. Rfe1 c5 $11 19.
Qc2 Qe7 20. Bf1 a6 {Black starts a dubious plan.} (20... Bc6 $5) 21. Qb3 b5 $2
{[%mdl 16384]} (21... Qc7 {was still possible.}) 22. dxc5 Qxc5 {Black's
isolated d5 pawn is a weakness restricting his pieces, and he has no
positional compensation. Besides, after White's next move another weakness (b5)
will be created.} (22... Nd7 23. Nxd5 Bxd5 24. Qxd5 Nxc5 25. Qf5 Rxd1 26. Nxd1
$16) 23. a4 $1 Bc6 24. axb5 axb5 {[%csl Rb5]} 25. Nd3 Qc4 26. Qa3 Ra8 27. Nb4
$1 Qc5 28. Qb3 Rfd8 29. Nxc6 Qxc6 30. Qxb5 {White has finally collected a pawn
and gradually brings home his material advantage.} Qe6 31. Qc5 Rac8 32. Qd4 Qe7
33. Nb5 Nf8 34. Rc1 Ne6 35. Qd2 h5 36. Rxc8 Rxc8 37. b4 Nd7 38. Nd4 Nb6 39.
Nxe6 fxe6 40. Qd4 Nc4 41. Rb1 Na3 42. Rb3 Nc2 43. Qe5 Ra8 44. b5 Ra1 45. Rc3
1-0

[Event "Norway Chess 1st"]
[Site "Stavanger"]
[Date "2013.05.18"]
[Round "9"]
[White "Hammer, Jon Ludvig"]
[Black "Nakamura, Hikaru"]
[Result "0-1"]
[WhiteElo "2608"]
[BlackElo "2775"]
[Annotator "Krasenkow,M"]
[PlyCount "66"]
[EventDate "2013.05.08"]
[EventType "tourn"]
[EventRounds "9"]
[EventCountry "NOR"]
[EventCategory "21"]
[SourceTitle "CBM 155"]
[Source "ChessBase"]
[SourceDate "2013.07.16"]
[SourceVersion "1"]
[SourceVersionDate "2013.07.16"]
[SourceQuality "1"]

1. d4 d5 2. c4 e6 3. Nf3 c6 4. Nc3 dxc4 5. e3 b5 6. a4 Bb4 7. Bd2 a5 8. axb5
Bxc3 9. Bxc3 cxb5 10. b3 Bb7 11. bxc4 b4 12. Bb2 Nf6 13. Bd3 O-O 14. O-O Nbd7
15. Nd2 Qc7 ({I recommended} 15... e5 {- see CBM 148. However, the text move
is possible, too.}) 16. f4 {A seemingly logical move preventing 16...e5.
However, it allows Black's queenside pawns to move forward.} (16. f3 $142 {
- see Jakovenko - Grigoryan in CBM 142}) 16... a4 $1 17. Rb1 (17. Rxa4 $4 Qc6)
(17. e4 a3 18. Bc1 Rfd8 19. e5 {1-0 (27) Kasparov,G (2805)-Tyomkin,D (2310)
Tel Aviv 1994} Nc5 $1 20. dxc5 Qxc5+ 21. Kh1 Rxd3 22. exf6 Qd4 $19) 17... Rfd8
{[%cal Rd7c5]} (17... Rfb8 18. e4 Nf8 19. e5 N6d7 20. f5 exf5 21. Rxf5 $36 {
1/2 (51) Horvath,D (2386)-Berczes,D (2528) Budapest 2012}) 18. Qe2 b3 (18...
Nf8 19. e4 N6d7 20. Qe3 (20. e5 f5 $1 21. exf6 (21. h3 Nc5 $1 22. dxc5 Qd7)
21... Nxf6 22. Qe3 {0-1 (92) Breder,D (2435)-Rombaldoni,D (2465) Budapest 2009}
Re8 $13) 20... f6 21. Ba1 b3 22. Be2 e5 23. fxe5 fxe5 24. d5 Ng6 25. Bg4 Qc5
26. Rbe1 Qxe3+ 27. Rxe3 Nc5 28. Bf5 $36 {1-0 (45) Lyukmanov,V (2353)-Altanoch,
G (2034) ICCF WS 2006}) 19. Ba1 (19. Ra1 $5 Nb8 20. c5 $13 {[%cal Yd2c4] needs
analysis.}) 19... Qd6 $146 {Black renews the ...Nc5 threat. However, e3-e4-e5
now gains in strength. Practice has seen:} (19... Qb6 20. e4 (20. Kh1 Nf8 21.
f5 Re8 22. e4 exf5 23. Rxf5 Rad8 24. d5 N6d7 25. e5 Ng6 $13 {1-0 (38) Yevseev,
D (2557)-Zinchenko,Y (2501) Cappelle la Grande 2006}) 20... Nf8 21. e5 Ng4 $1
22. c5 (22. Qxg4 $2 Rxd4) 22... Qb4 23. Nc4 Nh6 $13 {D.Yevseev}) (19... Nf8 20.
e4 $13 (20. f5 e5 21. dxe5 {0-1 (31) Soppe,G (2480)-Varela,G (2290) Boca 1997}
N6d7 $1 22. e6 Nc5 $36)) (19... Nb8 $5 {[%cal Yb8c6]} 20. f5 (20. d5 Nbd7 21.
e4 {0-1 (51) Duzhakov,I (2267)-Kosov,I (2405) Peterhof 2008} exd5 22. cxd5 Qb6+
23. Kh1 Ba6 $15) (20. e4 Nc6 21. d5 Nb4 22. Rf3 (22. Bxf6 gxf6 $13 {V.Malakhov}
) 22... exd5 23. exd5 Qb6+ 24. Qf2 $2 (24. Kh1 Nxd3 25. Rxd3 Bc8 $13 {V.
Malakhov}) 24... Qxf2+ 25. Kxf2 Nfxd5 $1 $17 {0-1 (39) Cramling,P (2488)
-Turova,I (2413) Dresden 2004}) 20... Nbd7 {[%cal Ye6e5]} (20... Nc6 21. fxe6
fxe6 22. Rxf6 gxf6 23. Qg4+ Qg7 24. Qxe6+ Kh8 25. Be4 Re8 26. Qh3 $13 {1/2 (34)
Jakovljevic,V (2461)-Delabaca,R (2164) Kemer 2007}) 21. fxe6 fxe6 22. Nf3 (22.
c5 $5 {[%cal Yd2c4]}) 22... Be4 23. Ng5 Bxd3 24. Qxd3 Ne5 25. Qc3 Neg4 26. Rf4
{0-1 (46) Har Zvi,R (2510)-Kantsler,B (2475) Tel Aviv 1996 CBM 053 [Kantsler]}
Qa5 $1 27. Qxa5 Rxa5 28. Nxe6 Rb8 $17) 20. e4 Nc5 21. e5 Qc6 22. exf6 Nxd3 23.
Qg4 $2 (23. Rf3 $1 b2 (23... Nb4 24. Qe5 g6 25. Qg5 Qe8 26. Rh3 $40 {M.Golubev}
) 24. Rxd3 bxa1=Q 25. Rxa1 gxf6 26. f5 $13) 23... g6 24. Rf3 b2 $1 {[%mdl 320]}
25. Qg5 (25. Rxd3 bxa1=Q 26. Rxa1 {now loses due to} Rxd4 $1 27. Rxd4 Qc5 28.
f5 Rd8 $19 {M.Golubev}) 25... bxa1=Q 26. Rxa1 Qb6 $1 {This move parries
White's attack.} 27. Rxd3 (27. c5 Qb2 28. Rxd3 Qxa1+ 29. Kf2 (29. Nf1 Kf8)
29... Rxd4 30. Qh6 Rxf4+ 31. Qxf4 h5 $19 {M.Golubev}) 27... Rxd4 28. Rb1 Qd8
29. Rxb7 Rxd3 30. Nf3 a3 31. Rxf7 Qb6+ 32. c5 Qb1+ 33. Kf2 Rxf3+ 0-1

[Event "Linares 12th"]
[Site "Linares"]
[Date "1994.??.??"]
[Round "2"]
[White "Shirov, Alexei"]
[Black "Lautier, Joel"]
[Result "0-1"]
[WhiteElo "2715"]
[BlackElo "2625"]
[Annotator "Lautier,J"]
[PlyCount "122"]
[EventDate "1994.02.??"]
[EventType "tourn"]
[EventRounds "13"]
[EventCountry "ESP"]
[EventCategory "18"]
[SourceTitle "CBM 040"]
[Source "ChessBase"]
[SourceDate "1994.06.01"]
[SourceVersion "1"]
[SourceVersionDate "1994.06.01"]
[SourceQuality "1"]

1. d4 d5 2. c4 e6 3. Nc3 Bb4 4. a3 Bxc3+ 5. bxc3 c5 6. e3 Ne7 $5 7. Bd3 Qc7 8.
cxd5 exd5 9. Ne2 Bf5 10. Bxf5 Nxf5 11. O-O O-O 12. Nf4 (12. f3 $5 $14 {/\ e4})
12... Ne7 $10 13. c4 $2 dxc4 (13... cxd4 $2 14. cxd5 $16 dxe3 $2 15. d6 $18)
14. d5 Ng6 15. Nh5 Qe5 $6 (15... Nd7 $1 16. Bb2 f6 {/\ Nde5} (16... Nde5 $2 17.
f4 $18) 17. f4 Rae8 18. Qf3 b5 19. e4 (19. Rac1 Nb6 20. e4 b4 21. axb4 cxb4 22.
Bd4 c3 $17 {/\ Nc4}) 19... b4 20. axb4 cxb4 21. Bd4 Nc5 $17) 16. Rb1 Rd8 17.
Qg4 $1 (17. Rxb7 Qxd5 18. Qxd5 Rxd5 19. g4 c3 $1 (19... Nc6 20. Bb2 Nce5 21. h3
$14 {/\ f4}) 20. Rb3 Nd7 (20... Rd3 21. Bb2 $1 $14) 21. Rxc3 Nde5 22. e4 (22.
h3 Rad8 23. f4 Nd3 $10) 22... Rd4 23. Rxc5 Rxe4 24. h3 $10) 17... Nd7 (17...
Qxd5 $2 18. Bb2 {/\ Rbd1+-} Qd7 19. Qxc4 $16) 18. e4 b6 19. Bb2 $1 c3 20. Ba1
c4 $1 21. Qf3 $1 (21. Rbc1 $6 Nc5 22. Rfe1 Na4 (22... Nd3 $6 23. Bxc3 Qe7 24.
Nxg7 Nxe1 (24... Nxc1 $2 25. Nf5 Qxa3 26. Nh6+ Kf8 27. Qf5 Qe7 28. Bb4 $18) 25.
Rxe1 (25. Nf5 $2 Qxa3 26. Nh6+ Kf8 27. Qf5 Nf3+ $19) 25... Qxa3 26. Qg3 $1 $40
{/\} b5 27. Nf5 {/\ 28.Nh6 Kf8 29.Bg7+-} b4 28. Nh6+ Kf8 29. Qc7 $1 $18) 23.
Re3 Re8 (23... Qd4 $6 24. Rexc3 $5 (24. Bxc3 Nxc3 25. Rexc3 (25. Rcxc3 $2 Rxd5
$19) 25... b5 $13 (25... Rxd5 $4 26. Rxc4 Rc5 27. Rxd4 Rxc1+ 28. Rd1 $18))
24... Nxc3 25. Bxc3 Qc5 26. Nxg7 Qxa3 27. Qg5 $40) 24. Bxc3 Nxc3 25. Rcxc3 b5
$15) 21... f6 (21... Nc5 $4 22. Bxc3 Qxe4 23. Nf6+ $1 gxf6 24. Qxf6 Kf8 25.
Rfe1 $18) 22. Bxc3 Qe7 23. Qg4 $1 {/\ f4} Nde5 (23... Qxa3 $2 24. Bb4 (24. Qe6+
$2 Kh8 25. Qf7 Qf8 $1 $17) 24... Qa4 25. f4 $1 $18 {/\ f5} (25. Qe6+ $2 Kh8 26.
Qf7 Rg8 27. f4 c3 $1 28. Bxc3 Qxe4 29. Qxd7 Qe3+ 30. Kh1 Qxc3 $15)) (23... Kh8
$6 24. f4 $1 {/\} Qxe4 $2 25. Rbe1 Qd3 26. Rf3 Qxd5 27. f5 Qc5+ 28. Kf1 $18)
24. Qg3 Nd3 25. f4 $1 Kh8 (25... Qxa3 $2 26. f5 Qxc3 27. Qc7 $1 $18) (25...
Qxe4 $2 26. f5 (26. Bxf6 $2 Rxd5 $1) 26... Qh4 (26... Rxd5 27. Nxg7 $1 Kxg7 28.
fxg6 $18 {->}) 27. Qxh4 $1 Nxh4 28. g3 $18) (25... Rd7 26. Nxf6+ $5 (26. e5 $2
fxe5 27. fxe5 Rxd5 28. e6 Rxh5 29. Qf3 (29. Rf7 Qc5+ 30. Kh1 Nde5 $19) 29...
Qc5+ 30. Kh1 Rf8 31. e7 Rxf3 32. e8=Q+ Rf8 $19) (26. Bxf6 $6 gxf6 27. f5 Qd6 $1
$8 28. fxg6 Qxg3 29. hxg3 Rd6 $1 30. gxh7+ Kxh7 31. Nxf6+ Kg6 32. Ng4 Re8 $15)
26... gxf6 27. f5 Qd6 $1 $8 28. fxg6 Qxg3 29. hxg3 Rd6 (29... Re8 $2 30. Rxf6
Rxe4 31. Rbf1 Re8 32. Rf7 $18) 30. Rxf6 Rxf6 31. Bxf6 hxg6 (31... Re8 $2 32. d6
) 32. Bc3 $1 $14 {/\} Re8 $2 33. e5 $1 Nxe5 $2 34. Re1 $18) 26. Kh1 Rd7 $5 27.
e5 $1 (27. Rf3 $4 Qxe4 28. f5 Nf2+ $19) (27. Qg4 Rad8 $1 {/\ Qe4} 28. Qf5 (28.
Qe6 Qxa3 $1 29. Bxf6 (29. Nxf6 $2 Rd6 {/\ Qc3} 30. Qh3 gxf6 $19) 29... gxf6 30.
Qxf6+ {see 28.Qf5}) 28... Qxa3 $1 29. Bxf6 (29. Nxg7 $2 Qxc3 $19) (29. Nxf6 $2
Rf7 $1 (29... Qxc3 $2 30. Nxd7 $18 {/\ Ne5}) 30. Qe6 Rdf8 $17) 29... gxf6 30.
Qxf6+ Kg8 31. f5 (31. Rf3 $2 Rf8 32. Qe6+ Rdf7 33. f5 Qa2 (33... Nge5 34. Qxe5
Nxe5 35. Rxa3 $14) 34. Rbf1 Nge5 35. Rg3+ Kh8 $19) 31... Nge5 32. Qg5+ Kh8 33.
Qf6+ $10) (27. f5 Nge5 28. Qh4 $5 $13 {/\ a4} (28. Nf4 $2 Nxf4 (28... Qxa3 $2
29. Bxe5 fxe5 30. Ng6+ $1 hxg6 31. fxg6 $18) 29. Rxf4 Qxa3 30. Rh4 {/\ Be5} Qd6
(30... Qe7 31. Qh3 h6 32. Bd2 Nf7 $17) 31. Qh3 h6 32. Bd2) (28. a4 $6 Nc5 $5
29. Rf4 Nxa4 (29... Ned3 $2 30. Rh4 Nxe4 31. Qg6 $1 Nxc3 (31... hxg6 32. Nxf6#)
32. Qxh7+ $1 Kxh7 33. Nxf6#) 30. Bd4 (30. Bxe5 $2 Qxe5 $17) 30... Nc5 31. Rh4
Ncd3 32. Rf1 Rc8 33. Qh3 h6 $15 (33... c3 $2 34. Nf4 Nxf4 35. Rxh7+ Kg8 36.
Rxf4 $18)) 28... Qxa3 $2 29. Nxf6 $1 $18) 27... fxe5 28. fxe5 (28. f5 $2 Ngf4
$19) 28... Rxd5 (28... Ngxe5 $2 29. Rbe1 Rxd5 (29... Nxe1 30. Bxe5 Nd3 31.
Bxg7+ Qxg7 32. Nxg7 Rxg7 33. Qe3 $18) (29... Re8 30. Bxe5 Nxe5 31. Rxe5 $18)
30. Nf4 $1 Nxf4 31. Qxf4 Re8 32. Rxe5 Rxe5 33. Bxe5 $18) (28... Ndxe5 $2 29.
Rbe1 Rxd5 30. Nf4 $1 $18) 29. e6 $1 (29. Qf3 $2 Qe6 $1 30. Rb5 Rdd8 $1 31. Qf7
Qxf7 32. Rxf7 Ndxe5 $19) 29... Rxh5 30. Qf3 Re8 $2 {Zeitnot} (30... Rd8 $1 31.
Qxh5 Qxe6 32. Qf3 Kg8 33. Qb7 Qd7 $1 34. Qe4 Qd5 $14) 31. Qxh5 Qxe6 32. Qf3 $1
Kg8 (32... h6 $2 33. Qf7 $18) 33. Qb7 Qe7 (33... Re7 $2 34. Qb8+ $18) 34. Qc6
$6 {Zeitnot} (34. Qd5+ $1 Qe6 35. Qd4 $1 Re7 (35... Nge5 36. Rbe1 $1 h6 (36...
Nxe1 37. Rxe1 Qf7 38. h3 $18 {>< g7}) 37. Rxe5 $1 Nxe5 (37... Qxe5 38. Qxc4+
$18) 38. Re1 $18) 36. Qd8+ Re8 37. Qc7 Re7 38. Qb8+ $18) 34... Nge5 $8 (34...
Qe6 $2 35. Qc7 $1 Re7 36. Qb8+ $18) (34... Qe4 $2 35. Qc7 Re7 (35... Nf2+ 36.
Kg1 Nh3+ 37. gxh3 Qe3+ 38. Rf2 Qxc3 39. Qf7+ $18) 36. Qb8+ Re8 37. Qxa7 $18)
35. Qe4 h6 (35... Qxa3 $2 36. Qd5+ Kh8 37. Bxe5 Nxe5 38. Rbe1 $1 Qc5 39. Rxe5
$18) (35... Qe6 $2 36. Bxe5 $1 Nxe5 37. Rbe1 g6 (37... c3 38. Rf5 c2 39. Qxc2
$18) 38. Qd4 $18 {/\ Re4, Rfe1}) (35... Qc5 36. Rbe1 $1 {/\ Be5, Rf5} (36. Bxe5
$2 Nxe5 37. Rbe1 c3 $132) (36. Bd4 Qc6 $1 $13 {/\} 37. Rbe1 $2 Nxe1 38. Rxe1
Qxe4 39. Rxe4 Rd8 $1 $19) 36... h6 {see 35...h6 36.Rbe1 Qc5} (36... Nxe1 $2 37.
Rxe1 $18)) 36. a4 $2 (36. Rbe1 $1 Qc5 (36... Nxe1 $2 37. Rxe1 Ng6 38. Qxc4+ Qf7
39. Rxe8+ $18) (36... Qxa3 $2 37. Qd5+ Kh7 38. Bxe5 Nxe1 39. Rf7 $1 Re7 40.
Bxg7 Rxf7 41. Qxf7 $18) 37. Bd4 (37. Rf5 $2 Nxe1 (37... Nf2+ $2 38. Rxf2 Qxf2
39. Bxe5 c3 40. Qc4+ Kh7 41. Qxc3 $18) 38. Qxe1 Qxa3 39. Rxe5 Rxe5 40. Bxe5 $13
) 37... Qc7 (37... Qd6 38. Bxe5 Rxe5 (38... Nxe5 39. Rf5 $18) (38... Nxe1 39.
Qxc4+ Qe6 40. Qxe6+ Rxe6 41. Rxe1 $18) 39. Qxc4+ $18) (37... Qc8 38. Rf5 (38.
Qd5+ $5 Qe6 39. Rxe5 $1 Nxe5 40. Qxe6+ Rxe6 41. Re1 Nc6 42. Rxe6 Nxd4 43. Re4
Nb5 44. a4 $18) 38... c3 39. Qd5+ Kh7 40. Rfxe5 Rxe5 (40... Nxe1 41. Qe4+ $18)
41. Rxe5 Nxe5 (41... c2 42. Qe4+ Kg8 43. Re8+ $18) 42. Qxe5 $18) (37... Qa5 38.
Re2 (38. Re3 $2 Qd2 $1) 38... c3 39. Rc2 (39. Rf5 $2 Qa4 40. Qd5+ Kh7 $17 {
/\ Qd1, c2}) 39... Qa4 40. Qd5+ (40. Rxc3 $4 Nf2+ $1 $19) 40... Kh7 41. Rxc3
$18) 38. Rf5 Qd7 (38... c3 39. Qd5+ $1 (39. Bxe5 $4 Rxe5 $1 40. Rxe5 Nf2+ $19)
39... Kh8 40. Bxe5 c2 41. Qxd3 c1=Q 42. Rxc1 Qxc1+ 43. Rf1 $18) (38... Nxe1 39.
Qxe1 Rd8 (39... Qd7 40. Rxe5 $18) 40. Bxe5 Qc5 41. h3 $18) 39. Re2 $1 (39. Bxe5
$4 Nxe1 $17) (39. Rxe5 $2 Rxe5 $1 40. Qa8+ (40. Bxe5 $4 Nf2+ $19) 40... Kf7 $1
(40... Kh7 $2 41. Bxe5 $1 Nxe5 (41... Nxe1 42. Qe4+ $18) 42. Qe4+ Ng6 43. Qxc4
$16) 41. Rf1+ Rf5 42. Rxf5+ Qxf5 43. Qxa7+ Ke8 $10) 39... Qa4 (39... Rf8 40.
Rxf8+ Kxf8 41. Bxe5 Nf2+ 42. Rxf2+ $18) 40. h3 Qd1+ 41. Kh2 Nf3+ 42. Qxf3 Qxe2
43. Rf8+ Kh7 44. Qf5+ $18) 36... Qc5 $1 $13 37. Qf5 (37. Rb5 $4 Nf2+ 38. Rxf2
Qxf2 39. h3 Qf1+ 40. Kh2 Qd3 $1 $19) 37... a6 $1 38. h3 (38. Rbe1 $6 b5 $1 (
38... Nxe1 $4 39. Rxe1 $18) 39. axb5 axb5 40. Qe4 b4 41. Bd4 Qb5 42. Re2 c3 $1
(42... b3 $6 43. Rf5 {/\} b2 $2 44. Bxb2) 43. Rf5 Qc4 $19) 38... Qc6 39. Bd4 b5
40. axb5 axb5 41. Ra1 Qd5 42. Bxe5 $6 (42. Be3 Qe6 $13 (42... b4 $6 43. Ra6 $1
{/\ Bh6->})) 42... Rxe5 $1 43. Qc8+ Kh7 44. Rf8 {/\ Rh8, Ra6} Nc5 $1 45. Rh8+
Kg6 46. Rd8 Qe6 47. Qb8 {/\ Rd6} Qf6 (47... Ne4 $2 {/\ Nf6} 48. Ra6 $1 Qxa6 49.
Qxe5 Nf6 50. Rb8 $16) 48. Rf8 (48. Rd6 Ne6 $17) 48... Qe7 49. Rf3 $1 {/\ Qg8!}
(49. Ra7 $2 Nd7 $1 50. Rxd7 Re1+ 51. Kh2 Qxd7 52. Qg3+ Kh7 53. Qxe1 Qd6+ $19)
49... Kh7 50. Kh2 $6 {/\ Rg3, Ra7} (50. Qxb5 $2 Nb3 51. Ra7 Re1+ 52. Kh2 Qxa7
53. Qf5+ g6 54. Qf8 Re7 $19) (50. Ra7 $1 Nd7 (50... Re1+ 51. Kh2 Qe5+ 52. Qxe5
Rxe5 53. Rff7 Ne6 (53... Rg5 $2 54. h4 Rg6 55. Ra5 Rb6 56. Rf5 $16) 54. Rae7 $1
c3 55. Rxg7+ Kh8 (55... Nxg7 $2 56. Rxe5 b4 57. Rc5 Ne6 58. Rc4 $18) 56. Rh7+
Kg8 57. Rhg7+ $10) 51. Qc7 (51. Rxd7 $2 Re1+ $19) (51. Qc8 Re1+ 52. Kh2 Qe5+
53. Rg3 Re3 (53... Qd4 $6 54. Rxg7+ $1) 54. Qc7 Rxg3 55. Qxe5 Nxe5 56. Kxg3 c3
57. Rc7 Nc4 $19) 51... Re1+ 52. Kh2 Qe5+ 53. Qxe5 Nxe5 54. Rg3 Ng6 55. Rc7 $15)
50... Nd7 $5 51. Qb7 Nf6 52. Qxe7 Rxe7 53. Rf5 (53. Rb1 $6 Re5 $19 (53... Rb7
$4 54. Rc3 $16)) 53... b4 54. Rf4 Ne4 (54... Rc7 $2 55. Rc1 $16) 55. Ra4 g5 $1
$8 56. Rf8 $2 (56. Rxe4 Rxe4 57. Rxb4 h5 58. Rb5 (58. Rb6 $2 c3 59. Rc6 Re3 60.
Kg1 h4 $1 61. Kf2 Rg3 $19) 58... Kg6 (58... c3 $2 59. Rc5 Re3 60. Rxg5 $10) 59.
Rc5 h4 $17) 56... Rb7 $19 57. Rc8 Nd2 58. Raa8 b3 59. Rh8+ Kg6 60. Ra6+ Kf5 61.
Re8 h5 (61... b2 $4 62. g4+ Kf4 63. Rf6#) 0-1